Basic Semiconductor Physics / (Record no. 172264)

MARC details
000 -LEADER
fixed length control field 01088nam a22002897a 4500
003 - CONTROL NUMBER IDENTIFIER
control field OSt
005 - DATE AND TIME OF LATEST TRANSACTION
control field 20250801130034.0
008 - FIXED-LENGTH DATA ELEMENTS--GENERAL INFORMATION
fixed length control field 250716b |||||||| |||| 00| 0 eng d
020 ## - INTERNATIONAL STANDARD BOOK NUMBER
International Standard Book Number 9783031255106 (Hardcover)
040 ## - CATALOGING SOURCE
Original cataloging agency NUST
Language of cataloging eng
Transcribing agency NUST
Modifying agency NUST
Description conventions rda
050 ## - LIBRARY OF CONGRESS CALL NUMBER
Classification number QC611 HAM
100 ## - MAIN ENTRY--PERSONAL NAME
Personal name Chihiro, Hamaguchi
Relator term Author
245 ## - TITLE STATEMENT
Title Basic Semiconductor Physics /
Statement of responsibility, etc. Chihiro Hamaguchi.
250 ## - EDITION STATEMENT
Edition statement Fourth edition.
260 ## - PUBLICATION, DISTRIBUTION, ETC.
Place of publication, distribution, etc. Switzerland ;
Name of publisher, distributor, etc. Springer,
Date of publication, distribution, etc. ©2023.
300 ## - PHYSICAL DESCRIPTION
Extent xv, 785 pages :
Other physical details Illustrations ;
Dimensions 26 cm.
336 ## - CONTENT TYPE
Source rdamedia
Content type term text
Content type code txt
337 ## - MEDIA TYPE
Source rdamedia
Media type term unmediated
Media type code n
338 ## - CARRIER TYPE
Source rdamedia
Carrier type term volume
Carrier type code nc
440 ## - SERIES STATEMENT/ADDED ENTRY--TITLE
Title Graduate texts in physics
504 ## - BIBLIOGRAPHY, ETC. NOTE
Bibliography, etc. note Includes bibliographical references and index.
650 ## - SUBJECT ADDED ENTRY--TOPICAL TERM
Form subdivision Science Physics Electricity and electronics Electrodynamics.
650 ## - SUBJECT ADDED ENTRY--TOPICAL TERM
Form subdivision TECHNOLOGY and ENGINEERING General.
650 ## - SUBJECT ADDED ENTRY--TOPICAL TERM
Form subdivision TECHNOLOGY and ENGINEERING Materials Science Electronic Materials.
650 ## - SUBJECT ADDED ENTRY--TOPICAL TERM
Form subdivision TECHNOLOGY and ENGINEERING Electronics General.
942 ## - ADDED ENTRY ELEMENTS (KOHA)
Source of classification or shelving scheme Library of Congress Classification
Koha item type Ordinary Loan Books
Classification part QC611 HAM
Call number prefix QC
Call number suffix HAM
Suppress in OPAC No
Holdings
Withdrawn status Lost status Source of classification or shelving scheme Damaged status Not for loan Collection Home library Current library Shelving location Date acquired Source of acquisition Cost, normal purchase price Total Checkouts Full call number Barcode Date last seen Accession number Cost, replacement price Price effective from Koha item type Public note
    LCC     NFIC MAIN MAIN GEN 07/16/2025 Book Aid International 95.00   QC611 HAM 92004054154 07/16/2025 61704 95.00 07/16/2025 BOOKS Donation